LIBRARY ONLINE CATALOGUE

Introduction to post-Keynesian economics / (Record no. 7425)

MARC details
000 -LEADER
fixed length control field 00639nam a22002052 4500
001 - CONTROL NUMBER
control field 0000007169
005 - DATE AND TIME OF LATEST TRANSACTION
control field 20151217152025.0
008 - FIXED-LENGTH DATA ELEMENTS--GENERAL INFORMATION
fixed length control field 071126s xx 000 0 eng d
020 ## - INTERNATIONAL STANDARD BOOK NUMBER
International Standard Book Number 0230007802 :
Terms of availability KES 5625
040 ## - CATALOGING SOURCE
Original cataloging agency KABU
Transcribing agency KABU
100 1# - MAIN ENTRY--PERSONAL NAME
Personal name Lavoie, Marc.
-- 0000158249
245 10 - TITLE STATEMENT
Title Introduction to post-Keynesian economics /
Statement of responsibility, etc. Marc Lavoie.
260 ## - PUBLICATION, DISTRIBUTION, ETC. (IMPRINT)
Place of publication, distribution, etc. Basingstoke, England :
Name of publisher, distributor, etc. Palgrave Macmillan,
Date of publication, distribution, etc. 2006.
300 ## - PHYSICAL DESCRIPTION
Extent xiv, 150 p.
650 #0 - SUBJECT ADDED ENTRY--TOPICAL TERM
Topical term or geographic name as entry element Keynesian economics.
-- 0000150174
908 ## - PUT COMMAND PARAMETER (RLIN)
Put command parameter 071126
950 ## - LOCAL HOLDINGS (RLIN)
-- 1
Holdings
Withdrawn status Lost status Source of classification or shelving scheme Not for loan Home library Current library Date acquired Total Checkouts Full call number Barcode Date last seen Price effective from Koha item type
    Library of Congress Classification   Kabarak, Main Campus Kabarak, Main Campus 17/12/2015   HB99.7 .L38 011259 02/08/2024 17/12/2015 General Collection
    Library of Congress Classification   Kabarak, Main Campus Kabarak, Main Campus 17/12/2015   HB99.7 .L38 011260 02/08/2024 17/12/2015 General Collection